| 000 | 00700nam a2200241Ia 4500 | ||
|---|---|---|---|
| 003 | OSt | ||
| 005 | 20220925201950.0 | ||
| 006 | a|||||r|||| 00| 0 | ||
| 007 | ta | ||
| 008 | 220923b |||||||| |||| 00| 0 eng d | ||
| 020 | _a0 19 563549 3 | ||
| 037 | _cGeneral Book | ||
| 040 |
_aRTL _cRTL _beng |
||
| 041 |
_2eng _aeng |
||
| 082 | _aY:1.21.N5, N5 | ||
| 100 |
_aShulman David Ed. _928653 |
||
| 245 | 0 |
_aSyllables of sky _b Studies in South Indian civilization |
|
| 260 |
_aDelhi _bOxford University Press _c1995 |
||
| 300 |
_aix,478p _ccm. |
||
| 500 | _aBibliography chapterwise | ||
| 942 |
_hY:1.21.N5, N5 _cGB _2CC |
||
| 999 |
_c541964 _d541964 |
||